A hír mint szövegtípus

Elmentve itt :
Bibliográfiai részletek
Szerző: Andok Mónika
Dokumentumtípus: Cikk
Megjelent: 2003
Sorozat:Iskolakultúra 13 No. 11
Online Access:http://misc.bibl.u-szeged.hu/39650
LEADER 00548nab a2200169 i 4500
001 misc39650
005 20191106140807.0
008 180709s2003 hu o 0|| zxx d
022 |a 1215-5233 
040 |a SZTE Miscellanea Repozitórium  |b hun 
041 |a zxx 
100 1 |a Andok Mónika 
245 1 2 |a A hír mint szövegtípus  |h [elektronikus dokumentum] /  |c  Andok Mónika 
260 |c 2003 
300 |a 68-76 
490 0 |a Iskolakultúra  |v 13 No. 11 
856 4 0 |u http://misc.bibl.u-szeged.hu/39650/1/EPA00011_iskolakultura_2003_11_068-076.pdf  |z Dokumentum-elérés